Online Catalogue and eLibrary

Changing Socio-Economic Relations in the Kandyan Countryside (Record no. 1203)

MARC details
000 -LEADER
fixed length control field 00515nam a2200193Ia 4500
005 - DATE AND TIME OF LATEST TRANSACTION
control field 20250324043200.0
008 - FIXED-LENGTH DATA ELEMENTS--GENERAL INFORMATION
fixed length control field 240331s9999 xx 000 0 und d
020 ## - INTERNATIONAL STANDARD BOOK NUMBER
ISBN 9559102001
082 ## - DDC Classification
Class No. 303.4
Item Number - Author Mark GUN
DDC Edition Number 1503
100 ## - MAIN ENTRY--PERSONAL NAME
Personal name Gunasinghe, N
245 #0 - TITLE STATEMENT
Title Changing Socio-Economic Relations in the Kandyan Countryside
260 ## - PUBLICATION, DISTRIBUTION, ETC.
Place of publication, distribution, etc. Colombo,
Name of publisher, distributor, etc. Social Scientists' Association
Date of publication, distribution, etc. 1990
300 ## - PHYSICAL DESCRIPTION
Extent (e.g. Volumes, Pages etc.) 222 p., (C II)
650 ## - SUBJECT ADDED ENTRY--TOPICAL TERM
Topical term or geographic name entry element Socio-economy
650 ## - SUBJECT ADDED ENTRY--TOPICAL TERM
Topical term or geographic name entry element Capitalism
650 ## - SUBJECT ADDED ENTRY--TOPICAL TERM
Topical term or geographic name entry element Caste
650 ## - SUBJECT ADDED ENTRY--TOPICAL TERM
Topical term or geographic name entry element Class
942 ## - Koha item type (Biblio)
Koha item type Books in Stacks (Lending)
Holdings
Lost status Damaged status Collection code Home library Current library Shelving location Date acquired Full call number Accession Number Item type
    Lending WERC Library WERC Library Social Science Cupboard 03/31/2024 303.4 GUN 1503 Books in Stacks (Lending)

© WERC Library